书目信息 |
| 题名: |
脉冲数字电路习题集题解
|
|
| 作者: | 曾国泰 编 | |
| 分册: | ||
| 出版信息: | 重庆 重庆大学出版社 1999.06 |
|
| 页数: | 162页 | |
| 开本: | 26cm | |
| 丛书名: | ||
| 单 册: | ||
| 中图分类: | TN78-44 | |
| 科图分类: | ||
| 主题词: | 脉冲技术 , 脉冲电路 | |
| 电子资源: | ||
| ISBN: | 7-5624-1948-5 | |
| 000 | 00557nam0 2200193 45 | |
| 001 | 0009021690 | |
| 005 | 20041203101816.20 | |
| 010 | @a7-5624-1948-5@dCNY 15.00 | |
| 100 | @a20000902d1999 km y0chiy0120 ea | |
| 101 | 0 | @achi |
| 200 | 1 | @a脉冲数字电路习题集题解@AMai Chong Shu Zi Dian Lu Xi Ti Ji Ti Jie@f曾国泰 编@FCeng Guo Tai Bian |
| 210 | @a重庆@c重庆大学出版社@d1999.06 | |
| 215 | @a162页@d26cm | |
| 606 | 0 | @a脉冲技术 |
| 606 | 0 | @a脉冲电路 |
| 690 | @aTN78-44@v3 | |
| 701 | 0 | @a曾国泰@4编 |
| 801 | @aCN@bPftUser@c20041203 | |
| 905 | @a10447@dTN78-44@eZ021 | |
| 脉冲数字电路习题集题解/曾国泰 编.-重庆:重庆大学出版社,1999.06 |
| 162页;26cm |
| ISBN 7-5624-1948-5:CNY 15.00 |
| ● |
| 相关链接 |
|
|
|
正题名:脉冲数字电路习题集题解
索取号:TN78-44/Z021
 
预约/预借
| 序号 | 登录号 | 条形码 | 馆藏地/架位号 | 状态 | 备注 |
| 1 | 116707 | 201167076 | 自科二线404/404自科库 24排4列5层/ [索取号:TN78-44/Z021] | 在馆 | |
| 2 | 116708 | 201167085 | 自科二线404/404自科库 24排3列6层/ [索取号:TN78-44/Z021] | 在馆 | |
| 3 | 116709 | 201167094 | 自科二线404/404自科库 24排3列6层/ [索取号:TN78-44/Z021] | 在馆 | |
| 4 | 361513 | 203615132 | 自科二线504/504自科库 8排2列2层/ [索取号:TN78-44/Z021] | 在馆 | |
| 5 | 361514 | 203615141 | 自科二线504/504自科库 8排2列2层/ [索取号:TN78-44/Z021] | 在馆 | |
| 6 | 361515 | 203615150 | 自科二线404/404自科库 20排1列3层/ [索取号:TN78-44/Z021] | 在馆 | |
| 7 | 429998 | 204299981 | 自科二线504/504自科库 8排2列2层/ [索取号:TN78-44/Z021] | 在馆 | |
| 8 | 429999 | 204299990 | 自科二线404/404自科库 20排1列3层/ [索取号:TN78-44/Z021] | 在馆 |